Visualizzazione normale
Vista MARC
- Sadea
di Personal Name
Records bibliografici associati: 1
001 - CONTROL NUMBER
- control field: 34460
003 - CONTROL NUMBER IDENTIFIER
- control field: IT-RoPau
005 - DATE AND TIME OF LATEST TRANSACTION
- control field: 20150516171906.0
008 - FIXED-LENGTH DATA ELEMENTS
- fixed length control field: 150516|| aca||aabn | a|a d
040 ## - CATALOGING SOURCE
- Original cataloging agency: IT-RoPau
- Transcribing agency: IT-RoPau
100 ## - HEADING--PERSONAL NAME
- Personal name: Sadea
670 ## - SOURCE DATA FOUND
- Source citation: Work cat.: (IT-RoPau)11377: Sadea, Benozzo - La cappella Medici